00793cam a22002297a 4500003000500000005001700005008004100022010001000063011001000073035001000083040000900093100002200102245012600124260007300250300001000323490002400333650004700357650002200404650004500426710006800471830002400539CHAP20220329134139.0971013s1984 r 00010 d a16112 a17084 a21167 cCHAP00aHoekstra, Dirk A.13aAn ex-ante economic analysis of proposed mixed and zonal agroforestry systems for the Batu Arang forest reserve, malaysia aNairobi :bInternational council for Research in Agroforestry,c1984 a18 h. 0aWorking paperv; 1614aAgriculturaxAspectos economicosxMalasia.14aAgroforestería.14aBosquesxAspectos económicosxMalasia.0 aConsejo Internacional para Investigación en Agrosilvicultura.0 aWorking paperv; 16